Religion and culture : (Record no. 7930)

MARC details
000 -LEADER
fixed length control field 00539nam a22001697a 4500
008 - FIXED-LENGTH DATA ELEMENTS--GENERAL INFORMATION
fixed length control field 190425b ||||| |||| 00| 0 eng d
020 ## - INTERNATIONAL STANDARD BOOK NUMBER
International Standard Book Number 9780131850507
082 ## - DEWEY DECIMAL CLASSIFICATION NUMBER
Classification number 306 S43r 2008
245 ## - TITLE STATEMENT
Title Religion and culture :
Remainder of title an anthropological focus
250 ## - EDITION STATEMENT
Edition statement 2nd ed.
260 ## - PUBLICATION, DISTRIBUTION, ETC.
Place of publication, distribution, etc. Upper Saddle River, N.J. :
Name of publisher, distributor, etc. Pearson Prentice Hall,
Date of publication, distribution, etc. 2008.
300 ## - PHYSICAL DESCRIPTION
Extent viii, 472 p. :
Other physical details ill. ;
Dimensions 24 cm.
500 ## - GENERAL NOTE
General note <br/>Includes bibliographical references.
650 ## - SUBJECT ADDED ENTRY--TOPICAL TERM
Topical term or geographic name entry element Religion and culture. Religions.
700 ## - ADDED ENTRY--PERSONAL NAME
Personal name Scupin, Raymond.
942 ## - Added entry Elements (Koha)
Source of classification or shelving scheme Dewey Decimal Classification
Holdings
Withdrawn status Lost status Source of classification or shelving scheme Damaged status Not for loan Collection code Home library Current library Shelving location Date acquired Serial Enumeration / chronology Total Checkouts Total Renewals Full call number Barcode Date last seen Date last checked out Price effective from Koha item type
    Dewey Decimal Classification     Main TEST RTC Library RTC Library Main opac 25/04/2019 13740 3 4 306 SCU 30004848 08/12/2022 13/10/2022 25/04/2019 Main
Royal Thimphu College || All Right Reserved